Music Quiz

Random Music or Album Quiz

Pick the Country Albums Quiz Stats

 Plays Quiz not verified by Sporcle

Score 0/25 Timer 04:00
2 Plays Today
% Correct
Johnny Cash:
At Folsom Prison
89.1%
Ray Charles: Modern
Sounds in Country
and Western Music
84.8%
Garth Brooks:
Ropin' the Wind
83.1%
Miranda Lambert:
Revolution
79.5%
Patsy Cline: The
Definitive Collection
75.6%
George Jones &
Tammy Wynette:
Golden Ring
73.9%
Glen Campbell:
Wichita Lineman
72.3%
Hank Williams:
40 Greatest Hits
72%
Willie Nelson:
Red Headed
Stranger
71.7%
Dixie Chicks:
Taking the Long Way
70.3%
Tammy Wynette:
Stand by Your Man
68.4%
Dwight Yoakam:
Guitars, Cadillacs,
Etc., Etc.
67.6%
Wanda Jackson:
Queen of Rockabilly
62.4%
% Correct
Dolly Parton:
Coat of Many Colors
62.4%
George Jones:
The Best of
George Jones
59.2%
Loretta Lynn:
Van Lear Rose
59%
Johnny Cash:
American Recordings
59%
Buck Owens and His
Buckaroos: Carnegie
Hall Concert
54.8%
Kris Kristofferson:
Kristofferson
49.8%
Gary Stewart:
Out of Hand
48.9%
Steve Earle:
Copperhead Road
47.7%
Waylon Jennings:
Honky Tonk Heroes
43.7%
Merle Haggard:
I'm a Lonesome
Fugitive
39.1%
Emmylou Harris:
Quarter Moon in a
Ten Cent Town
38.3%
Bob Wills and His
Texas Playboys: The
Essential Bob Wills
35.9%

You're not logged in!

Compare scores with friends on all Sporcle quizzes.
OR
Log In

Show Comments

Extras

Top Quizzes Today


Score Distribution

Your Account Isn't Verified!

In order to create a playlist on Sporcle, you need to verify the email address you used during registration. Go to your Sporcle Settings to finish the process.

Report this User

Report this user for behavior that violates our Community Guidelines.

Details: